| 000 | 00504nam a2200169 a 4500 | ||
|---|---|---|---|
| 001 | 000032227 | ||
| 005 | 20200930063534.0 | ||
| 008 | 110713s19uu dr c 000 0 spa d | ||
| 040 |
_aDO-SdBNP _bspa _cBNPHU |
||
| 082 |
_axxx _bM615 |
||
| 100 | 1 |
_aMeyreles Soler, Rafael _937745 |
|
| 245 | 1 | 0 |
_aSonetos / _cRafael Meyreles Soler. |
| 260 |
_aCiudad Trujillo, República Dominicana : _bImprenta G. Dominguez, _c[195u]. |
||
| 300 |
_a[76 p.] : _bretr. ; _c15 cm. |
||
| 500 | _aLibro mutilado | ||
| 049 | _aBNPHU | ||
| 999 |
_c31718 _d31718 |
||